Proceso de industrialización y proceso politico en america latina (Registro nro. 27114)

Detalles MARC
000 -LEADER
fixed length control field 00500 a2200157 4500
001 - CONTROL NUMBER
control field ART_13987
005 - DATE AND TIME OF LATEST TRANSACTION
control field 20260410161914.0
008 - FIXED-LENGTH DATA ELEMENTS--GENERAL INFORMATION
fixed length control field 260409a
100 1# - MAIN ENTRY--PERSONAL NAME
Personal name Baño, Rodrigo
245 10 - TITLE STATEMENT
Title Proceso de industrialización y proceso politico en america latina
700 1# - ADDED ENTRY--PERSONAL NAME
Personal name Benavides, Leopoldo
700 1# - ADDED ENTRY--PERSONAL NAME
Personal name Faletto, Enzo
700 1# - ADDED ENTRY--PERSONAL NAME
Personal name Flisfich, Angel
700 1# - ADDED ENTRY--PERSONAL NAME
Personal name Kirkwood, Julieta
773 0# - HOST ITEM ENTRY
Title Revista Paraguaya de Sociología
Related parts - Año 18, Nº 50 (ene./mayo 1981)
Record control number REV13424

No hay ítems disponibles.